Secteurs sauvegardés (2) - Statistiques

Statistiques générales
  • Ce quiz a été pris 8 fois
  • Le résultat moyen est 6 sur 26
Statistiques - réponses
Ville Proportion classée
secteur sauvegardé
% Correct
Poitiers 4,7%
75%
Nancy 11,1%
63%
Chartres 3,8%
50%
Laon 8,8%
50%
Metz 3,9%
50%
Tours 4,5%
50%
Versailles 9,4%
50%
Bayonne 3,69%
38%
Besançon 4,12%
38%
Troyes 4%
38%
Charleville-Mézières 3,1%
25%
Rochefort 6,2%
25%
Bayeux 11,4%
13%
Chalon-sur-Saône 4,14%
13%
Dinan 10,7%
13%
Dole 3,02%
13%
Langres 3,04%
13%
Sedan 3,2%
13%
Mers-les-Bains 3,3%
0%
Monpazier 43,4%
0%
Richelieu 5,3%
0%
Semur-en-Auxois 9,9%
0%
Sommières 5,8%
0%
Tournus 3,72%
0%
Tréguier 15,8%
0%
Villeneuve-lès-Avignon 3,67%
0%
Aucun quiz correspondant
Distribution des résultats
% des personnes avec chaque résultat
Percentile par nombre de réponses
Votre historique - résultats
Vous n’avez pas pris ce quiz